| 000 | 01730nas a2200277Ia 4500 | ||
|---|---|---|---|
| 001 | R262-R5925 | ||
| 003 | IT-CnALBA | ||
| 008 | 170116c99999999xx |||||||||||| ||und|| | ||
| 040 |
_aIT-CnALBA _cIT-CnALBA |
||
| 041 | _aITALIANO | ||
| 100 | _aBALLA MAESTRA IGNAZIA | ||
| 210 | _aUT UNUM SINT | ||
| 222 | _aUT UNUM SINT | ||
| 245 | 0 | _aUT UNUM SINT RIVISTA DEGLI APOSTOLI DELLA UNITÀ CRISTIANA. GENNAIO-DICEMBRE 1966. | |
| 250 | _a1a ed. | ||
| 260 |
_a ROMA _bCENTRO UT UNUM SINT _c1966 [1° Ed.:1966 - Ed.Ling.Originale: 1966] |
||
| 300 | _a288 p. | ||
| 310 | _aBIMESTRALE | ||
| 362 | _aFascicolo: 1-6 / Anno: 5 (1966) | ||
| 500 | _aIL DIALOGO CON I NON CRISTIANI. SEPARAZIONE COME IMPOSSIBILITÀ. ROMA E BISANZIO VERSO LA RICONCILIAZIONE. TESTI UFFICIALI DEL GRANDE ATTO ECUMENICO. I LAICI NELLA CHIESA, UNA E DIVERSA, DE ROSA G. IL PADRE NOSTRO NELL'UNITÀ CRISTIANA. LA SETTIMANA DELL'UNITÀ. APOSTOLI DELL'UNITÀ, AGOSTINO BEA, SSILVI AL APPUNTAMENTO CON I MALATI, SCHREIL EL. LA LIBERTÀ NEL CONCILIO. ESPERIENZA DI UNA LUTERANA NEL RAPPOERTO CON LA CHIESA CATTOLICA. | ||
| 501 | _aSocietà San Paolo EM - Piazza San Paolo, 14 - 12051 ALBA (CN) (non commercial uses only) ® Copyright 2017 | ||
| 520 | _aIL DIALOGO CON I NON CRISTIANI. SEPARAZIONE COME IMPOSSIBILITÀ. ROMA E BISANZIO VERSO LA RICONCILIAZIONE. TESTI UFFICIALI DEL GRANDE ATTO ECUMENICO. I LAICI NELLA CHIESA, UNA E DIVERSA, DE ROSA G. IL PADRE NOSTRO NELL'UNITÀ CRISTIANA. LA SETTIMANA DELL'UNITÀ. APOSTOLI DELL'UNITÀ, AGOSTINO BEA, SSILVI AL APPUNTAMENTO CON I MALATI, SCHREIL EL. LA LIBERTÀ NEL CONCILIO. ESPERIENZA DI UNA LUTERANA NEL RAPPOERTO CON LA CHIESA CATTOLICA. | ||
| 650 | _aECCLESIOLOGIA | ||
| 942 | _cCR | ||
| 957 | _71 | ||
| 999 |
_a53846 _bNO _g1 _c324465 _d324465 |
||